000 00651nam a2200205Ia 4500
005 20250508162326.0
008 008 250505s9999 xx 000 0 eng d
020 _a92-3-101890-6
037 _aTextual
040 _aFEDL
_beng
_cFEDL
041 _aeng
_2eng
084 _a300.7, UNE
_qFEDL
100 _aMehlinger Howard D.
_992131
245 0 _aUNESCO hand book for the teaching of social studies
260 _aParis, France
_bUnited Nations Educational, Scientific and Cultural Organization
_c1981
300 _a409p.
650 _aSocial Science - Teaching
_9756799
942 _cTEXL
_h300.7, UNE
999 _c1375852
_d1375852